| 000 | 02598nam0a2200397 4500 | ||
|---|---|---|---|
| 001 | RU\NLR\BIBL_A\011938448 | ||
| 005 | 20190521165724.0 | ||
| 010 |
_a978-5-906949-66-0 _9300 |
||
| 021 |
_aRU _bКН-П-19-000106 _9КН-П-19-0006 |
||
| 035 | _a(NLR Aleph) 011938448 | ||
| 035 | _a(RuMoRGB)009859497 | ||
| 090 |
_a11078282 _c11078282 |
||
| 100 | _a20190215d2018 u y0rusy50 ca | ||
| 101 | 0 | _arus | |
| 102 | _aRU | ||
| 105 | _aa|||zzzz000zy | ||
| 200 | 1 |
_aВведение в структурную кристаллографию. Зонная теория металлов и полупроводников _eучебно-методическое пособие _e[для университетов по программе бакалавриата] _fМинистерство образования и науки РФ, ФГБОУ ВО "Марийский государственный университет", Физико-математический факультет _g[составитель - Шилова Елена Владимировна] |
|
| 210 |
_aЙошкар-Ола _cФГБОУ ВО "Марийский государственный университет" _d2018 |
||
| 215 |
_a151 с. _cил., табл. _d20 |
||
| 320 | _aБиблиогр.: с. 138 (14 назв.) | ||
| 517 | 1 | _aЗонная теория металлов и полупроводников | |
| 606 | 1 |
_aКристаллография _jУчебно-методические пособия для высших учебных заведений _9999249 _3RU\NLR\AUTH\6660897 |
|
| 606 | 1 |
_aЗонная теория _jУчебно-методические пособия для высших учебных заведений _92156298 _3RU\NLR\AUTH\661298112 |
|
| 606 | 1 |
_aКонденсированное состояние вещества _jУчебно-методические пособия для высших учебных заведений _xСтруктура _xСимметрия _91365752 _3RU\NLR\AUTH\66571797 |
|
| 610 | 0 | _aзонная теория | |
| 686 | 1 | _aВ37я73-1 | |
| 686 | 1 | _aВ371.13я73-1 | |
| 686 | 1 | _aВ36я73-1 | |
| 702 | 1 |
_aШилова _bЕ. В. _gЕлена Владимировна _4220 |
|
| 712 | 0 | 2 |
_4570 _aМарийский государственный университет _bФизико-математический факультет _cЙошкар-Ола _9337868 _3RU\NLR\AUTH\8810226635 |
| 942 | _cBOOK | ||
| 980 | _aNBR | ||
| 980 | _aNB | ||